Teaching listening and speaking: (Record no. 78755)

MARC details
000 -LEADER
fixed length control field 00780nam a22001937a 4500
005 - DATE AND TIME OF LATEST TRANSACTION
control field 20130906144422.0
010 ## - LCCN (DPL NO)
LC control number B-512516-523
020 ## - INTERNATIONAL STANDARD BOOK NUMBER
International Standard Book Number 9788125046592
Terms of availability 210.00
035 ## - SYSTEM CONTROL NUMBER
System control number B-512516-523
037 ## - SOURCE OF ACQUISITION
Stock number BSB/Ven
Source of stock number/acquisition DPL
082 ## - DEWEY DECIMAL CLASSIFICATION NUMBER
Classification number 488.2407
100 ## - MAIN ENTRY--PERSONAL NAME
Personal name Sadanand, Kamlesh
245 ## - TITLE STATEMENT
Title Teaching listening and speaking:
Statement of responsibility, etc by Kamlesh Sadanand
Remainder of title A handbook for english language teachers and teacher trainers/
260 ## - PUBLICATION, DISTRIBUTION, ETC. (IMPRINT)
Place of publication, distribution, etc Hyderabad
Name of publisher, distributor, etc Orient blackswan pvt. ltd.
270 ## - ADDRESS
Address Orient blackswan pvt. ltd.,3-6-752, Himayatnagar
City Hyderabad
Postal code 500029
Electronic mail address cenraloffice@orientblackswan.com
300 ## - PHYSICAL DESCRIPTION
Extent vi,189p.
Other physical details ill.
Dimensions 20cm.(Pbk)
942 ## - ADDED ENTRY ELEMENTS (KOHA)
Source of classification or shelving scheme Dewey Decimal Classification
Item type English Books
Call number suffix SAD
Classification part 488.2407
Holdings
Withdrawn status Lost status Not for loan Collection code Home library Current library Date acquired Source of acquisition Cost, normal purchase price Full call number Barcode Copy number Cost, replacement price Koha item type
      Non-fiction Andrews Gunj Andrews Gunj 05/09/2013 BSB/BL883/09.03.2013/169/08.03.2013/22.03.2013 210.00 488.2407 SAD B-512520 1 210.00 English Books
      Non-fiction Central Library Central Library 05/09/2013 BSB/BL883/09.03.2013/169/08.03.2013/22.03.2013 210.00 488.2407 SAD B-512516 1 210.00 English Books
      Non-fiction Patel Nagar Patel Nagar 05/09/2013 BSB/BL883/09.03.2013/169/08.03.2013/22.03.2013 210.00 488.2407 SAD B-512517 1 210.00 English Books
      Non-fiction Qila Rai Pithora Qila Rai Pithora 05/09/2013 BSB/BL883/09.03.2013/169/08.03.2013/22.03.2013 210.00 488.2407 SAD B-512522 1 210.00 English Books
      Non-fiction R.K.Puram-8 R.K.Puram-8 05/09/2013 BSB/BL883/09.03.2013/169/08.03.2013/22.03.2013 210.00 488.2407 SAD B-512519 1 210.00 English Books
      Non-fiction Sarojini Nagar Sarojini Nagar 05/09/2013 BSB/BL883/09.03.2013/169/08.03.2013/22.03.2013 210.00 488.2407 SAD B-512518 1 210.00 English Books
      Non-fiction Sarojini Nagar Sarojini Nagar 05/09/2013 BSB/BL883/09.03.2013/169/08.03.2013/22.03.2013 210.00 488.2407 SAD B-512521 1 210.00 English Books
      Non-fiction Vinoba Puri Vinoba Puri 05/09/2013 BSB/BL883/09.03.2013/169/08.03.2013/22.03.2013 210.00 488.2407 SAD B-512523 1 210.00 English Books

© Delhi Public Library
Hit Counter
free hit counter